书目信息 |
| 题名: |
高等数学自测、辨析与指导
|
|
| 作者: | 阎见峰 著 | |
| 分册: | ||
| 出版信息: | 长沙 国防科技大学出版社 1995.10 |
|
| 页数: | 375页 | |
| 开本: | 32开 | |
| 丛书名: | ||
| 单 册: | ||
| 中图分类: | O13-42 | |
| 科图分类: | ||
| 主题词: | 高等数学 | |
| 电子资源: | ||
| ISBN: | 7-81024-340-3 | |
| 000 | 00580nam0 2200193 45 | |
| 001 | 0012261634 | |
| 005 | 20001226165203.7 | |
| 010 | @a7-81024-340-3@d12.00元 | |
| 100 | @a20001226d1995 km y0chiy0120 ea | |
| 101 | 0 | @achi |
| 105 | @a z 000yy | |
| 200 | 1 | @a高等数学自测、辨析与指导@AGao Deng Shu Xue Zi Ce、Bian Xi Yu Zhi Dao@f阎见峰等著@FYan Jian Feng Deng Zhu |
| 210 | @a长沙@c国防科技大学出版社@d1995.10 | |
| 215 | @a375页@d32开 | |
| 606 | 0 | @a高等数学 |
| 690 | @aO13-42@v3 | |
| 701 | 0 | @a阎见峰@4著 |
| 801 | @aCN@bPftUser@c20001226 | |
| 905 | @b315408-417@dO13-42@eY243@f10 | |
| 高等数学自测、辨析与指导/阎见峰等著.-长沙:国防科技大学出版社,1995.10 |
| 375页;32开 |
| ISBN 7-81024-340-3:12.00元 |
| ● |
| 相关链接 |
|
|
|
正题名:高等数学自测、辨析与指导
索取号:O13-42/Y243
 
预约/预借
| 序号 | 登录号 | 条形码 | 馆藏地/架位号 | 状态 | 备注 |
| 1 | 315408 | 203154086 | 自科二线504/504自科库 48排6列5层/ [索取号:O13-42/Y243] | 在馆 | |
| 2 | 315409 | 203154095 | 自科二线504/504自科库 48排6列5层/ [索取号:O13-42/Y243] | 在馆 | |
| 3 | 315410 | 203154102 | 自科二线504/504自科库 48排5列6层/ [索取号:O13-42/Y243] | 在馆 | |
| 4 | 315411 | 203154111 | 自科二线504/504自科库 48排5列6层/ [索取号:O13-42/Y243] | 在馆 | |
| 5 | 315412 | 203154120 | 自科二线504/504自科库 48排5列6层/ [索取号:O13-42/Y243] | 在馆 | |
| 6 | 315413 | 203154139 | 自科二线504/504自科库 48排5列6层/ [索取号:O13-42/Y243] | 在馆 | |
| 7 | 315414 | 203154148 | 自科二线504/504自科库 48排6列5层/ [索取号:O13-42/Y243] | 在馆 | |
| 8 | 315415 | 203154157 | 自科二线504/401自科库 72排2列5层/ [索取号:O13-42/Y243] | 在馆 | |
| 9 | 315416 | 203154166 | 自科二线504/401自科库 72排2列5层/ [索取号:O13-42/Y243] | 在馆 | |
| 10 | 315417 | 203154175 | 自科二线504/504自科库 48排5列6层/ [索取号:O13-42/Y243] | 在馆 |